00371nam a2200145Ia 4500003000400000005001700004008004100021020001500062040000900077082001700086100001900103245005000122260004400172300000900216OSt20200702114253.0190216s9999||||xx |||||||||||||| ||und|| a8175363223 coclc a915.4bDUT/P aDutt, Sukumar  0aProblem Of Indian Nationality /cSukumar Dutt bLow Price Publications, aDelhi:c2004. a194p